| 000 | 00713nam a2200241Ia 4500 | ||
|---|---|---|---|
| 005 | 20260430150420.0 | ||
| 008 | 008 250103s9999 xx 000 0 eng d | ||
| 037 | _aTheses | ||
| 040 | _aCRL | ||
| 040 | _beng | ||
| 040 | _ceng | ||
| 041 | _2eng | ||
| 041 | _aeng | ||
| 084 | _qCRL | ||
| 100 |
_aChoudhary Mandavi Au.; Gampa Venkata Ramaiah Gu. _91237430 |
||
| 245 | 0 | _aIndian Jewellery in the Present Socio-Cultural Context: Exploring Adornment to Identity | |
| 260 | _c2023 | ||
| 300 | _a374p. | ||
| 650 | _aModern Indian Languages | ||
| 700 |
_aUniversity of Delhi. Faculty of Arts. Deptt. of Modern Indian Languages and Literary Studies _91237431 |
||
| 942 | _cTH | ||
| 999 |
_c1849726 _d1849726 |
||